| 000 | 01046nam a22002657i 4500 | ||
|---|---|---|---|
| 999 |
_c23663 _d23663 |
||
| 003 | AR-CdUCM | ||
| 008 | 260429b20162016 pe||||| |||| 00| 0 spa d | ||
| 020 | _a978-612-46985-3-8 | ||
| 040 |
_aMUNICIPALIDAD PROVINCIAL DEL CUSCO _cBIBLIOTECA MUNICIPAL DEL CUSCO |
||
| 041 | _hspa | ||
| 082 |
_a985.62 _bR41 |
||
| 100 |
_aRénique, José Luis _924771 |
||
| 245 |
_aLa Batalla por Puno : _bConflicto agrario y nación en los andes peruanos / |
||
| 260 |
_aJuliaca-Puno, Perú _bUniversidad Nacional de Juliaca _c2022 |
||
| 300 |
_a568 páginas. : _c22x14 cm. |
||
| 500 | _zPáginas: 521-567 | ||
| 505 | _aIndios e Indigenistas -- De la patria nueva al Tawantinsuyo .. Del impasse a la reforma agraria -- De la tutela al desarrollo -- Juliaca y la política chola -- Campesinitas y revolucionarios -- Mariateguismo armado | ||
| 650 |
_aEl indio _932013 |
||
| 650 |
_aIndigenismo _9208 |
||
| 650 |
_aHaciendas _96478 |
||
| 650 |
_aPresidente comunero _952829 |
||
| 856 | _fwww.unaj.edu.pe | ||
| 942 |
_2ddc _cLIBROS |
||
| 945 |
_apbjr _d29-04-2026 |
||